[Event "the leisure spring time double round >2000"]
[Site "SchemingMind.com"]
[Date "2017.01.13"]
[Round "-"]
[White "frankly"]
[Black "JAHI"]
[Result "1-0"]
[WhiteCountry "ENG"]
[BlackCountry "INT"]
[WhiteElo "2527"]
[WhiteRD "58"]
[BlackElo "2092"]
[BlackRD "74"]
[GameID "409172"]

1. d4 g6 2. e4 Bg7 3. Nc3 d6 4. Nf3 e6 5. Bf4 c6 6. Qd2 d5 7. O-O-O h6 8. exd5 exd5 9. Bd3 Be6 10. h4 Nd7
11. Rde1 Ne7 12. Kb1 a6 13. Re2 Rc8 14. Na4 Kf8 15. Nc5 Nxc5 16. dxc5 Nf5 17. g4 Ne7 18. Bd6 Kg8 19. h5 g5 20. Rhe1 Bxg4
21. Bxe7 Qd7 22. Ne5 Qxe7 23. Nxg4 Qd7 24. Ne5 Qh3 25. f4 Rf8 26. fxg5 hxg5 27. Rh2 Qg3 28. Rg2 Qh4 29. Rg4 Qxg4 30. Nxg4 Rxh5
31. Qf2 Kh8 32. Nf6 Rh6 33. Nd7 Kg8 34. Nxf8 Kxf8 35. Qg3 Bf6 36. Qb8+ Kg7 37. a3 Bd4 38. Qxb7 g4 39. Qb4 Bf2 40. Re8 d4
41. Qb8 Re6 42. Rg8+ Kf6 43. Qf4+ Ke7 44. Rg7 Re1+ 45. Ka2 Ra1+ 46. Kxa1 Be1 47. Qxf7+ Kd8 48. Rg8#
1-0

[Event "the leisure spring time double round >2000"]
[Site "SchemingMind.com"]
[Date "2017.01.13"]
[Round "-"]
[White "JAHI"]
[Black "frankly"]
[Result "0-1"]
[WhiteCountry "INT"]
[BlackCountry "ENG"]
[WhiteElo "2092"]
[WhiteRD "74"]
[BlackElo "2527"]
[BlackRD "58"]
[GameID "409173"]

1. g3 e5 2. Bg2 Nc6 3. d3 d5 4. e3 Nf6 5. d4 Bb4+ 6. c3 Bd6 7. b3 O-O 8. Bb2 h5 9. h3 a5 10. Nd2 exd4
11. exd4 Re8+ 12. Kf1 a4 13. Ngf3 Ne4 14. bxa4 Qf6 15. Kg1 h4 16. g4 Bf4 17. Nxe4 dxe4 18. Qe2 Qh6 19. Nh2 e3 20. Nf1 exf2+
21. Qxf2 Bd7 22. Bd5 Nd8 23. Re1 Rxe1 24. Qxe1 Bxa4 25. c4 Ne6 26. a3 Re8 27. Qf2 Ng5 28. Bc3 Ne4 29. Bxe4 Rxe4 30. Bd2 Qf6
31. Bc3 Bb3 32. Qf3 Qe6 33. d5 Qb6+ 34. Kg2 Rxc4 35. Bd2 Rd4 36. d6 Bxd6 37. Ba5 Qb5 38. Ne3 Qxa5 39. Rf1 Qe5 40. Rf2 Rd3
41. Qf4 Bd5+ 42. Kf1 Qa1+ 43. Ke2 Bxf4 44. Rxf4 Qc3 45. Re4 Bxe4 46. Kf1 Qc1+ 47. Nd1 Rxd1+ 48. Kf2 Qd2#
0-1

[Event "the leisure spring time double round >2000"]
[Site "SchemingMind.com"]
[Date "2017.01.20"]
[Round "-"]
[White "frankly"]
[Black "Helga1946"]
[Result "1-0"]
[WhiteCountry "ENG"]
[BlackCountry "GER"]
[WhiteElo "2527"]
[WhiteRD "58"]
[BlackElo "2193"]
[BlackRD "75"]
[GameID "409371"]

1. e4 c5 2. Nf3 e6 3. Nc3 a6 4. d4 cxd4 5. Nxd4 b5 6. Bd3 Bb7 7. O-O Qc7 8. Re1 h5 9. Nd5 exd5 10. exd5+ Be7
11. Qf3 Qc5 12. Nf5 Bxd5 13. Be4 Bc6 14. Bxc6 Nxc6 15. b4 Qxb4 16. Ba3 Qg4 17. Nxe7 Ngxe7 18. Rxe7+ Kd8 19. Qxf7 Nxe7 20. Qxe7+ Kc7
21. Qe5+ Kc8 22. Qc5+ Kd8 23. Bb4 a5 24. Bxa5+ Rxa5 25. Qb6+ Kc8 26. Qxa5 Qa4 27. Qc3+ Qc4 28. Qxg7 Rg8 29. Qe5 h4 30. g3 hxg3
31. hxg3 Rg4 32. a4 b4 33. Qe8+ Kc7 34. Rd1 Qe6 35. Qa8 Rc4 36. Qa7+ Kc8 37. Rxd7 Qxd7 38. Qa6+ Kd8 39. Qxc4 Qxa4 40. g4 Ke8
41. g5 Kf8 42. Kg2 Kg7 43. Qd4+ Kf7 44. Qf6+ Kg8 45. g6 Qa7 46. Kf3
1-0

[Event "the leisure spring time double round >2000"]
[Site "SchemingMind.com"]
[Date "2017.01.20"]
[Round "-"]
[White "Helga1946"]
[Black "frankly"]
[Result "0-1"]
[WhiteCountry "GER"]
[BlackCountry "ENG"]
[WhiteElo "2193"]
[WhiteRD "75"]
[BlackElo "2527"]
[BlackRD "58"]
[GameID "409372"]

1. Nc3 d5 2. d4 Bf5 3. a3 e6 4. Bf4 a6 5. e3 c5 6. dxc5 Bxc5 7. Bd3 Bg6 8. Bxg6 hxg6 9. Nf3 Nf6 10. Qd3 Nc6
11. h3 O-O 12. O-O Rc8 13. Rad1 Be7 14. Ne2 Na5 15. Nd2 b5 16. c3 Nc4 17. Qc2 Re8 18. Nc1 a5 19. Ncb3 Qb6 20. Rfe1 Bd6
21. Bxd6 Nxd6 22. Nd4 e5 23. N4f3 Qc6 24. Qb1 Nc4 25. Re2 Rb8 26. Qc2 Nd6 27. Nb3 Qa8 28. Kh1 Qa6 29. Ra1 Qb6 30. Ree1 Rbc8
31. Qe2 Nc4 32. Red1 Red8 33. Nc1 Ne4 34. Nd3 Re8 35. Kg1 g5 36. Nc1 f5 37. Nh2 Rcd8 38. Nf1 g4 39. hxg4 fxg4 40. Nd3 Re6
41. Qxg4 Rh6 42. Nh2 Nxe3 43. Qe2 Nc4 44. Ng4 Rh4
0-1

[Event "the leisure spring time double round >2000"]
[Site "SchemingMind.com"]
[Date "2017.01.20"]
[Round "-"]
[White "Helga1946"]
[Black "JAHI"]
[Result "1-0"]
[WhiteCountry "GER"]
[BlackCountry "INT"]
[WhiteElo "2229"]
[WhiteRD "76"]
[BlackElo "2034"]
[BlackRD "63"]
[GameID "409373"]

1. Nc3 g6 2. e4 Bg7 3. d4 d6 4. h3 e6 5. Nf3 d5 6. Bf4 c6 7. a3 b6 8. Qd2 h6 9. exd5 exd5 10. O-O-O Ne7
11. Bd3 Na6 12. Bxa6 Bxa6 13. Rde1 g5 14. Bg3 f6 15. Re6 Bc8 16. Ree1 Ba6 17. Nd1 Qd7 18. Qc3 Rc8 19. Ne3 c5 20. dxc5 bxc5
21. Qa5 Bb7 22. Qxa7 Kf7 23. h4 Rc6 24. Qa4 Ra8 25. Qb3 Re8 26. hxg5 hxg5 27. Ng4 Kf8 28. Nxg5 fxg5 29. Qf3+ Kg8 30. Ne5 Bxe5
31. Bxe5 Ng6 32. Qh5 Ree6 33. Qxg5 Kf8 34. f4 Qe7 35. Qf5+ Ke8 36. Rh6 Nf8 37. Rh8 Qf7 38. Qh3 Re7 39. f5 Kd7 40. f6+ Ree6
41. g4 Rc8 42. Qb3 Bc6 43. Qb6 Rxe5 44. Rxe5 Qxf6 45. Rxd5+ Ke8 46. Rh2 Qf4+ 47. Rdd2 Qf1+ 48. Rd1 Qf4+ 49. Rhd2 Ne6 50. Kb1 Qxg4
51. Re1 Kf7 52. Rd3 Be4 53. Rde3 Bf5 54. Qb7+ Rc7 55. Qd5 Ke7 56. Rf3 Bh7 57. Rg3 Qf5 58. Rxe6+ Qxe6 59. Rg7+ Kf8 60. Qxe6 Rxg7
61. Qc8+ Ke7 62. Qxc5+ Ke6 63. a4 Be4 64. a5 Rf7 65. b4 Rf5 66. Qb6+ Ke7 67. a6 Rf6 68. Qc7+ Ke6 69. b5 Bg2 70. b6 Rf5
71. b7 Rf8 72. Qc8+ Rxc8 73. bxc8=Q+ Ke7 74. Qc3 Kf7 75. Qe5 Ba8 76. a7 Bg2 77. Qf5+ Ke8 78. Qg6+ Ke7 79. Qxg2 Ke6 80. a8=Q Ke7
81. Qg5+ Kd6 82. Qad8+ Kc6 83. Qgd5#
1-0

[Event "the leisure spring time double round >2000"]
[Site "SchemingMind.com"]
[Date "2017.01.20"]
[Round "-"]
[White "JAHI"]
[Black "Helga1946"]
[Result "0-1"]
[WhiteCountry "INT"]
[BlackCountry "GER"]
[WhiteElo "2034"]
[WhiteRD "63"]
[BlackElo "2229"]
[BlackRD "76"]
[GameID "409374"]

1. g3 d5 2. Bg2 c6 3. d3 e5 4. e3 h6 5. d4 Nd7 6. b3 e4 7. Bb2 Ndf6 8. Nd2 h5 9. h3 Bd6 10. Ne2 h4
11. g4 Nh7 12. f3 exf3 13. Nxf3 Ngf6 14. Qd3 Ne4 15. Nd2 Bg3+ 16. Nxg3 Nxg3 17. Rg1 Ng5 18. Ba3 f5 19. Nf1 N3e4 20. gxf5 Qa5+
21. b4 Qc7 22. Qb3 Bxf5 23. b5 Bxh3 24. Bxe4 Nxe4 25. Nd2 Bf5 26. Nxe4 Bxe4 27. Rg5 O-O-O 28. bxc6 Qxc6 29. Be7 Rd7 30. Re5 h3
31. Kd2 Qg6 32. Bg5 h2 33. Rxe4 Qxe4 34. Bf4 Qg2+ 35. Kd3 h1=Q 36. Rxh1 Rxh1 37. Qc3+ Kd8 38. Qc5 Rd1+ 39. Kc3 Ke8 40. a3 Qg1
41. Qc8+ Ke7 42. Qc5+ Kf7 43. Qc8 Qe1+ 44. Kb3 Rb1+ 45. Ka2 Ra1+ 46. Kb3 Qb1+ 47. Kc3 Rxa3+ 48. Kd2 Qb4+ 49. Ke2 Qb5+ 50. Kf3 Ra1
51. Bg3 Rf1+ 52. Bf2 Kg6 53. e4 dxe4+ 54. Ke3 Qg5+ 55. Ke2 Rxf2+ 56. Kxf2 Rf7+ 57. Ke2 Qg2+ 58. Ke3 Qf2+ 59. Kxe4 Rf4+ 60. Kd3 Qxd4+
61. Ke2 Rf2+ 62. Ke1 Qd2#
0-1

[Event "the leisure spring time double round >2000"]
[Site "SchemingMind.com"]
[Date "2017.02.09"]
[Round "-"]
[White "frankly"]
[Black "flyinduck"]
[Result "1-0"]
[WhiteCountry "ENG"]
[BlackCountry "CAN"]
[WhiteElo "2509"]
[WhiteRD "62"]
[BlackElo "2064"]
[BlackRD "62"]
[GameID "410189"]

1. d4 Nf6 2. Nf3 e6 3. g3 b6 4. Bg2 Bb7 5. O-O Be7 6. c4 O-O 7. Nc3 Ne4 8. Bd2 f5 9. Ne5 Bf6 10. Nxe4 Bxe4
11. Bxe4 fxe4 12. Be3 d5 13. Ng4 Nd7 14. cxd5 exd5 15. Rc1 h5 16. Nxf6+ Nxf6 17. Qa4 Rf7 18. Qc6 Rc8 19. Bf4 Qd7 20. Qxd7 Rxd7
21. Rc6 Kf7 22. Rfc1 Ne8 23. f3 Re7 24. Kf2 exf3 25. exf3 Re6 26. Be5 Rxc6 27. Rxc6 Ke7 28. h4 Kd7 29. Rg6 c5 30. Rg5 cxd4
31. Bxd4 Ke6 32. Rxh5 Rc2+ 33. Ke3 Nd6 34. Re5+
1-0

[Event "the leisure spring time double round >2000"]
[Site "SchemingMind.com"]
[Date "2017.02.09"]
[Round "-"]
[White "flyinduck"]
[Black "frankly"]
[Result "0-1"]
[WhiteCountry "CAN"]
[BlackCountry "ENG"]
[WhiteElo "2064"]
[WhiteRD "62"]
[BlackElo "2509"]
[BlackRD "62"]
[GameID "410190"]

1. d4 Nf6 2. c4 e6 3. Nc3 Bb4 4. Qc2 O-O 5. a3 Bxc3+ 6. Qxc3 b6 7. Bg5 Bb7 8. e3 d6 9. Ne2 Nbd7 10. Qd3 h6
11. Bh4 e5 12. Nc3 exd4 13. Qxd4 g5 14. Bg3 Nc5 15. Rd1 Nb3 16. Qd3 Nc5 17. Qc2 Qe7 18. h4 Nfe4 19. Bh2 Nxc3 20. Qxc3 g4
21. Bf4 Kh7 22. h5 f5 23. Rh2 a5 24. Be2 Ne4 25. Qc2 Rae8 26. f3 Nc5 27. Rd5 Bxd5 28. cxd5 Ra8 29. fxg4 Qe4 30. Qxe4 fxe4
31. g5 hxg5 32. Bxg5 Rf5 33. Bf4 Rxd5 34. g4 a4 35. g5 Ne6 36. g6+ Kg7 37. Bc4 Nxf4 38. exf4 Rf5
0-1

[Event "the leisure spring time double round >2000"]
[Site "SchemingMind.com"]
[Date "2017.02.09"]
[Round "-"]
[White "Helga1946"]
[Black "flyinduck"]
[Result "1-0"]
[WhiteCountry "GER"]
[BlackCountry "CAN"]
[WhiteElo "2192"]
[WhiteRD "74"]
[BlackElo "2006"]
[BlackRD "56"]
[GameID "410191"]

1. d4 Nf6 2. c4 e6 3. Qc2 Bb4+ 4. Bd2 a5 5. a3 Bxd2+ 6. Nxd2 d6 7. h3 Nc6 8. Ngf3 Qe7 9. e3 O-O 10. Bd3 e5
11. O-O Re8 12. Ne4 h6 13. Rfe1 Bd7 14. Rad1 a4 15. Nxf6+ Qxf6 16. Bh7+ Kh8 17. Be4 exd4 18. exd4 Re7 19. Qc3 Rae8 20. Bc2 Rxe1+
21. Rxe1 Rxe1+ 22. Qxe1 g6 23. Bxa4 Bxh3 24. d5 Nd8 25. Qe8+
1-0

[Event "the leisure spring time double round >2000"]
[Site "SchemingMind.com"]
[Date "2017.02.09"]
[Round "-"]
[White "flyinduck"]
[Black "Helga1946"]
[Result "0-1"]
[WhiteCountry "CAN"]
[BlackCountry "GER"]
[WhiteElo "1967"]
[WhiteRD "64"]
[BlackElo "2229"]
[BlackRD "76"]
[GameID "410192"]

1. d4 d5 2. c4 dxc4 3. Nf3 c6 4. e3 Be6 5. Be2 a6 6. O-O b5 7. Ng5 Bd7 8. b3 cxb3 9. Qxb3 e6 10. Ne4 a5
11. a4 b4 12. Nbd2 Bc8 13. Bf3 Ne7 14. Nc4 Nd5 15. Nc5 Be7 16. e4 Nc3 17. Be3 O-O 18. e5 Bxc5 19. dxc5 Ba6 20. Rfe1 Bxc4
21. Qxc4 Ra7 22. Bd4 Nd5 23. Rad1 Qe7 24. Re4 Rd8 25. h4 Qe8 26. h5 Rad7 27. h6 Nc3 28. Rg4 g6 29. Ra1 Nd5 30. Re1 Rc8
31. Be4 Qf8 32. Rh4 Rcd8 33. Bc2 Ne7 34. Be3 Rd5 35. Be4 Rd1 36. Rxd1 Rxd1+ 37. Kh2 Nd5 38. Bxd5 Rxd5 39. f4 Nd7 40. Qa6 b3
41. Qb7 Qb8 42. Qxb8+ Nxb8 43. Bc1 Rd3 44. Rh3 Rxh3+
0-1

[Event "the leisure spring time double round >2000"]
[Site "SchemingMind.com"]
[Date "2017.02.09"]
[Round "-"]
[White "flyinduck"]
[Black "JAHI"]
[Result "1-0"]
[WhiteCountry "CAN"]
[BlackCountry "INT"]
[WhiteElo "2021"]
[WhiteRD "59"]
[BlackElo "2067"]
[BlackRD "72"]
[GameID "410193"]

1. d4 h6 2. e4 g6 3. c4 Bg7 4. Nc3 d6 5. Be3 e6 6. f4 Ne7 7. Nf3 d5 8. Bd3 b6 9. O-O Bb7 10. exd5 exd5
11. f5 dxc4 12. Qa4+ Qd7 13. Qxc4 Nxf5 14. Bxf5 gxf5 15. Rf2 Ba6 16. Qb3 Nc6 17. d5 Ne7 18. Re1 Bxc3 19. bxc3 Bb7 20. c4 f6
21. Bd4 Rf8 22. Nh4 Rf7 23. Nxf5 Bxd5 24. cxd5 Rh7 25. d6 Qxf5 26. Rxf5 Rd8 27. Qg8+ Kd7 28. Qxh7 Kc8 29. Rxe7 Kb8 30. dxc7+ Kc8
31. cxd8=Q+ Kxd8 32. Rd5+ Kc8 33. Qg8#
1-0

[Event "the leisure spring time double round >2000"]
[Site "SchemingMind.com"]
[Date "2017.02.09"]
[Round "-"]
[White "JAHI"]
[Black "flyinduck"]
[Result "1/2-1/2"]
[WhiteCountry "INT"]
[BlackCountry "CAN"]
[WhiteElo "2067"]
[WhiteRD "72"]
[BlackElo "2021"]
[BlackRD "59"]
[GameID "410194"]

1. h3 e5 2. g3 d5 3. Bg2 c5 4. d3 Nc6 5. e3 Be6 6. Ne2 f5 7. d4 Nf6 8. b3 Bd6 9. Bb2 O-O 10. Nd2 cxd4
11. exd4 e4 12. c3 f4 13. Nxf4 Bxf4 14. gxf4 Qd6 15. Nf1 Qxf4 16. Bc1 Qh4 17. Ng3 h6 18. Qe2 Nh7 19. Be3 Ng5 20. Qh5 Qxh5
21. Nxh5 Nf3+ 22. Bxf3 Rxf3 23. Nf4 Bf7 24. Rg1 Kh7 25. h4 g6 26. Rg3 Rxg3 27. fxg3 b5 28. Ke2 a5 29. Rb1 b4 30. Rc1 a4=
1/2-1/2

[Event "the leisure spring time double round >2000"]
[Site "SchemingMind.com"]
[Date "2017.02.23"]
[Round "-"]
[White "GBEDARD"]
[Black "frankly"]
[Result "0-1"]
[WhiteCountry "USA"]
[BlackCountry "ENG"]
[WhiteElo "2062"]
[WhiteRD "95"]
[BlackElo "2517"]
[BlackRD "60"]
[GameID "410839"]

1. e4 c5 2. Nf3 Nc6 3. d4 cxd4 4. Nxd4 Nf6 5. Nc3 e5 6. Ndb5 d6 7. Bg5 a6 8. Na3 b5 9. Nd5 Be7 10. Bxf6 Bxf6
11. c4 b4 12. Nc2 a5 13. g3 O-O 14. Bg2 g6 15. Nxf6+ Qxf6 16. Ne3 Qe7 17. Nd5 Qa7 18. Nf6+ Kg7 19. Qxd6 Be6 20. Qxc6 Kxf6
21. Rd1 Rfc8 22. Qa4 Rxc4 23. O-O Rac8 24. Rd2 Rd4 25. Rfd1 Rxd2 26. Rxd2 b3 27. Bf1 bxa2 28. b4 Rc1 29. Rxa2 Bxa2 30. Qxa5 Qxa5
31. bxa5 Bc4
0-1

[Event "the leisure spring time double round >2000"]
[Site "SchemingMind.com"]
[Date "2017.02.23"]
[Round "-"]
[White "frankly"]
[Black "GBEDARD"]
[Result "1-0"]
[WhiteCountry "ENG"]
[BlackCountry "USA"]
[WhiteElo "2517"]
[WhiteRD "60"]
[BlackElo "2062"]
[BlackRD "95"]
[GameID "410840"]

1. e4 d6 2. d4 Nf6 3. Nc3 g6 4. Nf3 Bg7 5. Be2 O-O 6. O-O c6 7. h3 b5 8. e5 Ne8 9. Re1 Bf5 10. Bg5 h6
11. Bf4 g5 12. Bg3 b4 13. Na4 Qa5 14. b3 Nd7 15. Nb2 dxe5 16. Nc4 Qd8 17. dxe5 Nb6 18. Nd4 Be4 19. Na5 c5 20. Ndc6 Qc7
21. e6 Nd6 22. Nxe7+ Qxe7 23. Bxd6 Qxe6 24. Bxf8 Rxf8 25. Bd3 f5 26. f3 c4 27. Nxc4 Bc3 28. fxe4 f4 29. Rb1 Bxe1 30. Qxe1 Qe7
31. Nxb6 Qc5+ 32. Kh2 Qxb6 33. e5 Qb7 34. Bc4+ Kh8 35. e6 Re8 36. Rd1 g4 37. hxg4 Qe7 38. Rd7 Qg5 39. Qe4 Re7 40. Qd4+ Rg7
41. Rd8+
1-0

[Event "the leisure spring time double round >2000"]
[Site "SchemingMind.com"]
[Date "2017.02.25"]
[Round "-"]
[White "GBEDARD"]
[Black "Helga1946"]
[Result "0-1"]
[WhiteCountry "USA"]
[BlackCountry "GER"]
[WhiteElo "2036"]
[WhiteRD "89"]
[BlackElo "2187"]
[BlackRD "75"]
[GameID "410841"]

1. e4 e5 2. Nf3 Nc6 3. Bb5 a6 4. Ba4 b5 5. Bb3 h6 6. d4 exd4 7. Nxd4 Nxd4 8. Qxd4 Bb7 9. Nc3 c5 10. Qe5+ Qe7
11. Qxe7+ Nxe7 12. a3 f5 13. Nd5 Rc8 14. Nxe7 Kxe7 15. Bd5 Bxd5 16. exd5 Re8 17. Be3 Kf7 18. O-O Bd6 19. Rfe1 Re4 20. f3 Re5
21. Rad1 Rhe8 22. Kf2 c4 23. h3 Rxe3 24. Rxe3 Bc5 25. Kf1 Rxe3 26. Re1 Rxe1+ 27. Kxe1 Kf6 28. f4 Be3 29. g3 a5 30. b4 a4
31. Ke2 Bc1 32. c3 Bxa3 33. Kd2 Bb2 34. Kc2 a3 35. h4 Ba1 36. Kb1 Bxc3
0-1

[Event "the leisure spring time double round >2000"]
[Site "SchemingMind.com"]
[Date "2017.02.25"]
[Round "-"]
[White "Helga1946"]
[Black "GBEDARD"]
[Result "1-0"]
[WhiteCountry "GER"]
[BlackCountry "USA"]
[WhiteElo "2193"]
[WhiteRD "75"]
[BlackElo "2056"]
[BlackRD "89"]
[GameID "410842"]

1. e4 d6 2. d4 Nf6 3. Qd3 Bd7 4. Bg5 e5 5. Bxf6 Qxf6 6. Qb3 Nc6 7. d5 Nd4 8. Qd3 Bb5 9. Qd1 Ba4 10. b3 Qg6
11. f3 Qg5 12. bxa4 Qe3+ 13. Ne2 Be7 14. Qd2 Bg5 15. Kd1 O-O 16. Nc1 c5 17. c3 c4 18. Qxe3 Bxe3 19. Na3 f5 20. Nxc4 Bxc1
21. Rxc1 fxe4 22. cxd4 exf3 23. Nxd6 exd4 24. gxf3 b6 25. Bh3 Rxf3 26. Be6+ Kf8 27. Rc7 g6 28. Rxh7 Rd8 29. Nb7 Re8 30. d6 Rxe6
31. d7 Kg8 32. d8=Q+ Kxh7 33. Qd7+ Kh6 34. Qxe6 Rd3+ 35. Kc1 Kg7 36. Rg1
1-0

[Event "the leisure spring time double round >2000"]
[Site "SchemingMind.com"]
[Date "2017.02.27"]
[Round "-"]
[White "GBEDARD"]
[Black "flyinduck"]
[Result "0-1"]
[WhiteCountry "USA"]
[BlackCountry "CAN"]
[WhiteElo "1939"]
[WhiteRD "89"]
[BlackElo "2035"]
[BlackRD "67"]
[GameID "410843"]

1. e4 Nf6 2. e5 Nd5 3. d4 d6 4. Nf3 dxe5 5. Nxe5 c6 6. Be2 g6 7. c4 Nc7 8. Nc3 Bg7 9. Be3 O-O 10. O-O c5
11. Bg4 f5 12. Bh3 f4 13. Bxc8 Qxc8 14. Bc1 cxd4 15. Qxd4 Qe6 16. Qe4 Qxe5 17. Qxb7 Nd7 18. Bd2 Nc5 19. Qc6 Qd6 20. Qxd6 exd6
21. Rae1 Rf7 22. b3 a5 23. Ne4 Nxe4 24. Rxe4 g5 25. h4 h6 26. hxg5 hxg5 27. Re2 Bd4 28. Rd1 Bc5 29. Bc3 f3 30. gxf3 Rxf3
31. Bd2 Raf8 32. Be3 Re8 33. Rdd2 Kf7 34. Kg2 g4 35. Bxc5 Rxe2 36. Rxe2 dxc5 37. Re4 Ne6 38. Rxg4 Rd3 39. Rg3 Rd2 40. Rf3+ Ke7
41. a4 Nd4 42. Rh3 Rb2 43. Rh6 Rxb3 44. Ra6 Rb4 45. Rxa5 Rxc4 46. Ra8 Nc6 47. Kf1 Rc2 48. f4 c4 49. Rg8 c3 50. Rg7+ Kf6
51. Rd7 Ke6 52. Rd3 Nb4 53. Re3+ Kf5 54. Ke1 Kxf4 55. Rh3 Ke5 56. Rh5+ Kd4 57. Rh4+ Kc5 58. Rh3 Kc4 59. Rh4+ Kb3 60. Rd4 Kxa4
61. Kf1 Kb3 62. Rd7 Rd2 63. Rc7 c2
0-1

[Event "the leisure spring time double round >2000"]
[Site "SchemingMind.com"]
[Date "2017.02.27"]
[Round "-"]
[White "flyinduck"]
[Black "GBEDARD"]
[Result "0-1"]
[WhiteCountry "CAN"]
[BlackCountry "USA"]
[WhiteElo "2064"]
[WhiteRD "62"]
[BlackElo "2049"]
[BlackRD "91"]
[GameID "410844"]

1. d4 Nf6 2. Bg5 Ne4 3. Bf4 c5 4. d5 Qa5+ 5. c3 g5 6. Bc1 g4 7. h3 g3 8. fxg3 Nxg3 9. Rh2 Qc7 10. Nf3 Ne4
11. d6 Qxd6 12. Qxd6 Nxd6 13. Bf4 Ne4 14. Nbd2 Nxd2 15. Kxd2 Bg7 16. e4 d6 17. Bc4 Nd7 18. Re1 Nb6 19. Bf1 Bd7 20. b3 O-O-O
21. g4 h5 22. g5 c4 23. Kc2 cxb3+ 24. axb3 Kb8 25. Kb2 Rc8 26. Rc2 Rc6 27. Nd4 Rc5 28. b4 Rc7 29. Nb5 Nc4+
0-1

[Event "the leisure spring time double round >2000"]
[Site "SchemingMind.com"]
[Date "2017.02.24"]
[Round "-"]
[White "GBEDARD"]
[Black "JAHI"]
[Result "0-1"]
[WhiteCountry "USA"]
[BlackCountry "INT"]
[WhiteElo "1982"]
[WhiteRD "93"]
[BlackElo "2034"]
[BlackRD "63"]
[GameID "410845"]

1. e4 h6 2. Nc3 g6 3. Nf3 Bg7 4. Bc4 d6 5. d4 e6 6. O-O Ne7 7. Bf4 c6 8. a4 d5 9. Bb3 b6 10. a5 Bb7
11. Qd2 g5 12. Be5 f6 13. Bg3 f5 14. exd5 exd5 15. axb6 f4 16. bxa7 Na6 17. Bxf4 gxf4 18. Qxf4 Qc7 19. Ne5 Rf8 20. Qg4 Bxe5
21. Qh5+ Kd8 22. dxe5 Rf5 23. Qxh6 Qxe5 24. Rae1 Qf6 25. Qe3 Nc7 26. Ne2 Re5 27. Qc5 Ba6 28. c4 dxc4 29. Qd4+ Ned5 30. Ba4 Ne6
31. Qd1 Kc7 32. f4 Rf5 33. Bc2 Ne3 34. Qc1 Nxf1 35. Bxf5 Qxf5 36. Rxf1 c3 37. Rf2 Bxe2 38. Rxe2 Nxf4 39. Rf2 Nh3+ 40. gxh3 Rg8+
41. Rg2 Qc5+ 42. Kf1 Rf8+ 43. Ke1 Qe7+ 44. Re2 Qh4+ 45. Kd1 Rf1+
0-1

[Event "the leisure spring time double round >2000"]
[Site "SchemingMind.com"]
[Date "2017.02.24"]
[Round "-"]
[White "JAHI"]
[Black "GBEDARD"]
[Result "1-0"]
[WhiteCountry "INT"]
[BlackCountry "USA"]
[WhiteElo "2034"]
[WhiteRD "63"]
[BlackElo "1982"]
[BlackRD "93"]
[GameID "410846"]

1. h3 d5 2. g3 Nf6 3. Bg2 e5 4. d3 Nc6 5. e3 Bf5 6. c3 Bd6 7. d4 O-O 8. b3 exd4 9. exd4 Re8+ 10. Ne2 Qe7
11. Be3 Be4 12. Kf1 Bxg2+ 13. Kxg2 Qe4+ 14. Kg1 Rad8 15. Nd2 Qd3 16. Kg2 Qf5 17. Re1 Ne7 18. Qb1 Qd7 19. Bg5 Nh5 20. Bxe7 Rxe7
21. Ng1 Rde8 22. Rxe7 Rxe7 23. c4 Bb4 24. Qc2 dxc4 25. Nxc4 b5 26. Ne5 Qxd4 27. Rd1 Qxe5 28. Nf3 Qe2 29. Rd8+ Re8 30. Qxe2 Rxd8
31. Qxb5 c5 32. a3 Bxa3 33. Qa5 Rc8 34. Qxa3 c4 35. Qa6 Rf8 36. bxc4 Nf6 37. c5 Nd5 38. Qxa7 h5 39. c6 Nf6 40. c7 Nd5
41. Qc5 Nxc7 42. Qxc7 g6 43. Ng5 h4 44. Qe7 hxg3 45. Qf6
1-0

[Event "the leisure spring time double round >2000"]
[Site "SchemingMind.com"]
[Date "2017.03.05"]
[Round "-"]
[White "nikita68"]
[Black "GBEDARD"]
[Result "1-0"]
[WhiteCountry "RUS"]
[BlackCountry "USA"]
[WhiteElo "2361"]
[WhiteRD "70"]
[BlackElo "2030"]
[BlackRD "93"]
[GameID "411199"]

1. e4 d6 2. d4 Nf6 3. Nc3 g6 4. Nf3 Bg7 5. Be2 O-O 6. O-O c6 7. Re1 Nbd7 8. Bf4 Qb6 9. Rb1 e5 10. dxe5 dxe5
11. Be3 Qc7 12. a4 Ng4 13. Bd2 Nc5 14. b4 Ne6 15. h3 Nf6 16. Bd3 Rd8 17. Qc1 Nf4 18. Bxf4 exf4 19. e5 Nh5 20. Bc4 b5
21. axb5 cxb5 22. Bd5 Rb8 23. Qa3 Bf5 24. Qb3 Bxc2 25. Bxf7+ Qxf7 26. Qxc2 Rbc8 27. Qb2 Qc4 28. Ne4 Qc7 29. Rbc1 Qd7 30. Qb3+ Kh8
31. Nd6 Rxc1 32. Rxc1 Rf8 33. Ng5 h6 34. Ne6 Re8 35. Nxe8 Qxe8 36. Qd5 a6 37. Rc6 Qd7 38. Qxd7
1-0

[Event "the leisure spring time double round >2000"]
[Site "SchemingMind.com"]
[Date "2017.03.05"]
[Round "-"]
[White "GBEDARD"]
[Black "nikita68"]
[Result "0-1"]
[WhiteCountry "USA"]
[BlackCountry "RUS"]
[WhiteElo "2036"]
[WhiteRD "89"]
[BlackElo "2375"]
[BlackRD "85"]
[GameID "411200"]

1. e4 c5 2. Nf3 d6 3. d4 cxd4 4. Nxd4 Nf6 5. Nc3 g6 6. Be3 Bg7 7. f3 O-O 8. Qd2 Nc6 9. Bc4 Bd7 10. O-O-O Ne5
11. Be2 Rc8 12. Kb1 Nc4 13. Bxc4 Rxc4 14. g4 a6 15. h4 h5 16. Nd5 Nxd5 17. exd5 Ra4 18. gxh5 Qa5 19. h6 Be5 20. Qxa5 Rxa5
21. Nb3 Rb5 22. h5 Kh7 23. Bg5 gxh5 24. Rxh5 Rg8 25. Bxe7 Rxd5 26. Rxd5 Rg1+ 27. Nc1 Bf4 28. a4 Rxc1+ 29. Ka2 Be6 30. b4 Rxc2+
31. Kb1 Rc1+ 32. Ka2 Rd1 33. Rh4 Be5 34. Kb3 Rc1
0-1

[Event "the leisure spring time double round >2000"]
[Site "SchemingMind.com"]
[Date "2017.03.05"]
[Round "-"]
[White "nikita68"]
[Black "frankly"]
[Result "1/2-1/2"]
[WhiteCountry "RUS"]
[BlackCountry "ENG"]
[WhiteElo "2402"]
[WhiteRD "86"]
[BlackElo "2527"]
[BlackRD "58"]
[GameID "411201"]

1. d4 Nf6 2. c4 e6 3. Nf3 b6 4. g3 Ba6 5. b3 Bb4+ 6. Bd2 Be7 7. Bg2 O-O 8. Nc3 d5 9. cxd5 exd5 10. O-O Bb7
11. Rc1 Re8 12. Ne5 Nbd7 13. Nb5 c5 14. Bf4 Nf8 15. e3 Ne6 16. dxc5 Bxc5 17. Nd3 Nxf4 18. exf4 a6 19. Nxc5 bxc5 20. Nc3 Qd6
21. Re1 Bc6 22. Qd3 Rxe1+ 23. Rxe1 g6 24. Re5 a5 25. h3 Kg7 26. Nb5 Bxb5 27. Qxb5 a4 28. bxa4 Rb8 29. Qd3 Rb4 30. Qc3 Rc4
31. Qa3 d4 32. Bf1 Rc3 33. Qb2 Qd8 34. Qd2 Qb8 35. Re7 Kf8 36. Re1 Qa8 37. Bb5 Kg7 38. Re5 h6 39. h4 c4 40. Rc5 Qe4
41. Bxc4 Qb1+ 42. Kg2 Qb7+ 43. Kg1 Qb4 44. Qxd4 Rc1+ 45. Kg2 Qe1 46. Kf3 Qh1+ 47. Ke3 Rc2 48. Bf1 Rxc5 49. Qxc5 Qxf1 50. Qd4 Qa6=
1/2-1/2

[Event "the leisure spring time double round >2000"]
[Site "SchemingMind.com"]
[Date "2017.03.05"]
[Round "-"]
[White "frankly"]
[Black "nikita68"]
[Result "1/2-1/2"]
[WhiteCountry "ENG"]
[BlackCountry "RUS"]
[WhiteElo "2531"]
[WhiteRD "59"]
[BlackElo "2366"]
[BlackRD "101"]
[GameID "411202"]

1. e4 e5 2. Nf3 Nc6 3. Bb5 a6 4. Ba4 Nf6 5. O-O b5 6. Bb3 Bb7 7. c3 Nxe4 8. d4 exd4 9. Re1 d5 10. Ng5 Qf6
11. Nd2 Qxf2+ 12. Kh1 O-O-O 13. Ndxe4 dxe4 14. Nxf7 Bd6 15. Bg5 d3 16. Rf1 Qxb2 17. Bxd8 Rxd8 18. Bd5 Re8 19. Qh5 Kb8 20. Nxd6 Re5
21. Qxh7 cxd6 22. Rab1 Qe2 23. Bxc6 Bxc6 24. Qg6 Kc7 25. Rf7+ Bd7 26. Qxg7 d2 27. Rxd7+ Kc6 28. h3 d1=Q+ 29. Rxd1 Qxd1+ 30. Kh2=
1/2-1/2